Statistics for UK Acronyms

Click here to take the quiz!

General Stats

  • This quiz has been taken 490 times
  • The average score is 12 of 31

Answer Stats

Hint Answer % Correct
RAFRoyal Air Force
87%
MoDMinistry of Defence
80%
NHSNational Health Service
80%
MPMember of Parliament
69%
SNPScottish National Party
67%
BNPBritish National Party
66%
VCVictoria Cross
64%
HMSHer Majesty's Ship
64%
IRAIrish Republican Army
61%
OBEOrder of the British Empire
54%
TATerritorial Army
54%
HMPHer Majesty's Prison
50%
GCSEGeneral Certificate of Secondary Education
49%
SASSpecial Air Service
46%
EDLEnglish Defence League
43%
HoCHouse of Commons
41%
RNRoyal Navy
36%
CNDCampaign for Nuclear Disarmament
25%
CIDCriminal Investigation Department
24%
KGKnight of the Garter
20%
CAACivil Aviation Authority
17%
PCSOPolice Community Support Officer
16%
IPCCIndependent Police Complaints Commission
14%
BTPBritish Transport Police
13%
SISSecret Intelligence Service
11%
COBRACabinet Office Briefing Room A
8%
UKBAUK Border Agency
5%
ACPOAssociation of Chief Police Officers
5%
YOIYoung Offenders Institution
4%
ISOImperial Service Order
0%
ODAOlympic Delivery Authority
0%

Score Distribution

Percentile by Number Answered

Percent of People with Each Score

Your Score History

You have not taken this quiz